02622nam a22005057a 450000100060000000300080000600500170001400700030003100800410003402000150007502800080009004000400009808200130013810001010015124501130025226400430036530000270040833600290043533700330046433800280049750500350052550500330056050500500059350500560064350500620069950500440076150500470080550500480085250500280090050500250092850500260095350500270097950500270100650500470103350500260108050500400110650500290114650500290117550500360120450500280124050500270126852007650129565000330206065000230209342835gtgccic20250804111631.0ta250801b mx ||||| |||| 00| 0 spa d a9682459435 b158 agtgccicbspacgtgccicdgtgccicerda a691 P4381 aVicente Pérez AlamácArquitectoeAutorqExprofesor de la Facultad de Arquitectura de la UNAM aMateriales y procedimientos de construcción :bApoyos aislados y corridos /cArq. Pérez Alamá, Vicente aMéxico :bEditorial Trillas ;c2000. a160 p. :bil. ;c27 cm 2rdacontenidoatextobtxt 2rdamedioasin mediaciónbn 2rdasoporteavolumenbnc tCap. 1. APOYOS CORRIDOS, MUROS t1.1. MÓDULO DE ELASTICIDAD t1.2. MÓDULO DE CORTANTE DE LA MAMPOSTERÍA t1.3. FUERZA CORTANTE RESISTIDA POR LA MAMPOSTERÍA t1.4. RESISTENCIA A FLEXOCOMPRESIÓN EN EL PLANO DEL MURO t1.5. MAMPOSTERÍA DE PIEDRAS NATURALES t1.6. MAMPOSTERÍA DE PIEDRAS ARTIFICIALES t1.7. FLEXOCOMPRESIÓN EN EL PLANO DEL MURO tCap. 2. MUROS DE CARGA t2.1. MUROS DE PIEDRA t2.2. MUROS DE TABIQUE t2.3. MUROS DE CONCRETO t2.4. MUROS DE SILLARES t2.5. MUROS DE CONTENCIÓN O SOSTENIMIENTO t2.6. MUROS DIVISORIOS tCap. 3. APOYOS AISLADOS (COLUMNAS) t3.1. COLUMNAS DE PIEDRA  t3.2. COLUMNAS DE TABIQUE t3.3. COLUMNA DE CONCRETO ARMADO t3.4. COLUMNAS DE MADERA t3.5. COLUMNAS DE ACERO aEste libro está dirigido, a estudiantes, constructores, maestros, arquitectos e ingenieros en el ejercicio de su profesión; en él se completa todo lo relacionado con los apoyos aislados y corridos (columnas y muros respectivamente). La obra ofrece un panorama completo de la construcción en el sentido de la estructura propiamente, el sostenimiento de la misma y el proceso constructivo más sencillo y prático para su ejecución. Al final de cada capítulo se exponen ejercicios ilustrativos y su solución, para aclarar dudas y ofrecer un mayor entendimiento para el lector, además el procedimiento adoptado por el autor, utilizando los croquis de construcción, ofrecen la expresión más caracterísitca y los detalles más típicos. aMATERIALES DE CONSTRUCCIÓN aMUROS DE SEGURIDAD